| 000 | 00785cab a2200217 4500 | ||
|---|---|---|---|
| 001 | WB2642-05 | ||
| 008 | 090401t1990 xxu||||| |||| 00| 0 eng d | ||
| 035 | _a(Sirsi) u2784 | ||
| 041 | _aeng | ||
| 245 | _aOffice running costs eat into profits | ||
| 260 | _c1990 | ||
| 350 | _a0 | ||
| 490 |
_aTimes _v24/10/90 p37 |
||
| 520 | _aAccording to Anderlyn Consultancy`s "Scope 90" (Anderlyn Consultancy 209 Harrow Road, London W2 5EG £65) the cost of providing office accommodation in Central London per employee is almost as much as the employees`s salary. Provides data on average accommodation costs in the capital. | ||
| 650 | _aOCCUPANCY COSTS | ||
| 650 | _aOFFICES | ||
| 650 | _aRUNNING COSTS | ||
| 690 | _aPROPERTY-COMMERCIAL PROPERTY | ||
| 942 | _n0 | ||
| 948 | _c04/03/1997 | ||
| 999 |
_c1674 _d1674 |
||